000 00587nam a2200217Ia 4500
003 OSt
005 20220926043558.0
006 a|||||r|||| 00| 0
007 ta
008 220923b |||||||| |||| 00| 0 eng d
037 _cGeneral Book
040 _aRTL
_cRTL
_beng
041 _2eng
_aeng
082 _aY3b4, K4
100 _aVidich Arthur J, and others
_9347971
245 0 _aReflections on community studies
260 _c1964
650 _aMarriage and Kinship
_9230715
942 _hY3b4, K4
_cGB
_2CC
999 _c672719
_d672719